000 02477cam a2200541 i 4500
003 PE-LiUPU
005 20250825155942.0
008 160526s2014 ilu b 001 0 eng
020 _a0830844147
020 _a9780830844142
035 _a(Sirsi) i9780830844142
040 _aPE-LiUPU
_bspa
_cPE-LiUPU
_erda
049 _aPRUA
082 _a220.64
_bG5
_222
100 1 _aBeale, G. K.
_q(Gregory K.),
_d1949-
245 1 0 _aGod dwells among us :
_bexpanding Eden to the ends of the earth /
_cG.K. Beale and Mitchell Kim.
264 1 _aDowners Grove, Illinois :
_bInterVarsity Press,
_c[2014]
300 _a211 páginas ;
_c21 centímetros
336 _atext
_2rdacontent
337 _aunmediated
_2rdamedia
338 _avolume
_2rdacarrier
504 _aBibliografía : páginas 200-205.
504 _aBibliografía : páginas 206-211.
505 0 _aEden as a Temple: The Context of Genesis 1-2 -- Expanding Eden: The Call in Genesis 1:26-28 -- Eden Lost?: The Call to the Patriarchs After the Fall -- Eden Remixed: The Tabernacle in a Context of Sin -- Eden Restored: Promise of the Expansion of Eden in the Prophets -- Eden Rebuilt: Jesus as the New Temple in the Gospels -- Eden Expanding: The Church as the New Temple -- Eden's Ministry: Serving as Priests in the New Temple -- Eden Completely Expanded: The New Heavens and New Earth in Revelation 21:1-4 -- "Why Haven't I Seen This Before?": Seeing the Purpose of God's Dwelling Place in Eden -- Concluding Practical Reflections: Foundational Convictions for Sacrificial Mission in the Temple.
526 _aSEG42
526 _aSEG41
526 _aSEG40
526 _aSEG39
526 _aP94
526 _aP87
526 _aP86
526 _aP85
526 _aP77
526 _aP76
526 _aP35
630 0 0 _aBiblia
_xTheología.
630 0 _aBiblia.
_92418
650 0 _aEdén.
650 0 _aPresencia de Dios.
650 0 _aTemplo de Dios
910 _ajck
_bebj
_cebj
_d20160526
942 _2ddc
_cBOOK
949 _a220.64 G5
_wDEWEY
_c1
_i73326
_lCCODEBUL1
_mBUL
_p17.00
_r0
_sY
_tBOOK
_u2016-5-26
_xTEOLOGIA
_PP85
_0COMPRA
_o.STAFF. Colección General Teología
994 _aC0
_bPEPRU
596 _a1
999 _a220.64 G5
_wDEWEY
_c9550
_i73326
_f2021-11-9
_g5
_lCCODEBUL1
_mBUL
_p17.00
_r0
_sY
_tBOOK
_u2016-5-26
_xTEOLOGIA
_PP85
_0COMPRA
_o.STAFF. Colección General Teología
_d9550
980 _818226
_gJaime Vilcazán Jefe de Análisis Documental